LEADER 01148nam a2200205 i 4500 001 000000252030 003 CaOOAMICUS 005 20161213000000.0 008 161213s1841 it u000 u ita u 013 $a230935 040 $aSeMil$bita 100 1 $aGioia, Melchiorre,$d<1767-1829>.$0(OLS)http://semarc/name/2724 245 10$aTeoria civile e penale del divorzio :$bossia necessità, cause, nuova maniera d'organizzarlo seguita dall'analisi della legge francese 30 ventoso anno XI, relativa allo stesso argomento /$cdi Melchiorre Gioja. 260 $aLugano :$bPresso gli Editori,$c1841. 300 $a284 p., [1] c. di tav. :$britr. ;$c22 cm. 650 4$aDivorzio - Giurisprudenza.$0(OLS)http://semarc/subject/17019 850 $aSeMil 852 $aSeMil$W1$xVenegono$y1$m3N III 28 FA$j202376$B202376$CSeMilBibl$Z2$F215120 $8I 996 $6245$aTeoria civile e penale del divorzio :$bossia necessità, cause, nuova maniera d'organizzarlo seguita dall'analisi della legge francese 30 ventoso anno XI, relativa allo stesso argomento$9(OLS)http://semarc/title/354192 996 $6260$aLugano :$bPresso gli Editori$9(OLS)http://semarc/publisher/55481 LEADER 00763nam a2200193 i 4500 001 000000089410 003 CaOOAMICUS 005 20020514000000.0 008 020514s1954 it u000 u ita u 013 $a61651 040 $aSeMil$bita 245 10$aLettere dal N. 3001 al N. 3800 :$b(1639-1641) 300 $a472 p. 490 0 $aStoria e letteratura ;$v57 773 0 $aJosé : de Calasanz $tEpistolario.$dRoma : Edizioni di Storia e Letteratura, 1950.$gVolume7$w()7118 830 0$aStoria e letteratura ;$v57.$0(OLS)http://semarc/title/420 850 $aSeMil 852 $aSeMil$W1$xVenegono$y1$m175 1 57.1 *$j52530$B52530$CSeMilBibl$Z2$F57010 $81 996 $6245$aLettere dal N. 3001 al N. 3800 :$b(1639-1641)$9(OLS)http://semarc/title/135376 LEADER 00425nab a2200145 i 4500 001 000000283191 003 CaOOAMICUS 005 20190418114107.0 008 141212n xx uu u0 0und r 013 $a36196 040 $aSeMil$bita 245 10$aFall. 773 0 $t[2014].$dCharlottesville (Virginia) : Philosophy Documentation Center, copyr. 2014.$w()229249 996 $6245$aFall$9(OLS)http://semarc/title/421133